000 01195nam a2200121Ia 4500
008 220615s9999||||xx |||||||||||||| ||und||
245 0 _aImpacts of Landscape Change on Water Resources
546 _aEnglish[eng]
650 _aLID practices||watershed scale||impervious area||peak flow||surface runoff||shallow subsurface runoff and infiltration||evapotranspiration||stream temperature||SWAT||Marys River watershed||soil temperature||solar energy||watershed model||landscape scale||VELMA||bank erosion||landscape metrics||diversity||Sajó River||UAV||spatial configuration units||best management practices (BMPs)||spatial optimization||hydrologic response units (HRUs)||hydrologically connected fields||slope positions||watershed process simulation||DMMF||landscape configuration||landscape ecology||hydrology||scaling-up conservation agriculture||drip irrigation||groundwater potential||sustainable intensification||Ethiopia||flood analysis||hydrologic modeling||hydrodynamic modeling||HEC-RAS||flood zone delineation||landscape change||water resources analysis||water modeling||impact assessment
700 _aJha, Manoj K.
856 _uhttps://mdpi.com/books/pdfview/book/3076
942 _cEB
999 _c10265
_d10265